Hearts Biggest Transfers - Statistics

General Stats
  • This quiz has been taken 14 times
  • The average score is 8 of 16
Answer Stats
% Correct
Outgoings Scotland GK Craig Gordon 07/08 Sunderland
83%
Outgoings Finland GK Antti Niemi 02/03 Southampton
75%
Outgoings Scotland RB Aaron Hickey 20/21 Bologna
67%
Outgoings Scotland CB Christophe Berra 08/09 Wolverhampton Wanderers
67%
Incomings Scotland ST John Robertson 88/89 Newcastle United
58%
Outgoings Scotland ST John Robertson 87/88 Newcastle United
58%
Outgoings Scotland LB Lee Wallace 11/12 Rangers
58%
Outgoings Scotland CM Colin Cameron 01/02 Wolverhampton Wanderers
42%
Outgoings Scotland LB Gary Naysmith 00/01 Everton
42%
Outgoings Scotland LW Neil McCann 98/99 Rangers
42%
Outgoings Scotland CM Paul Hartley 06/07 Celtic
42%
Outgoings Scotland CB Dave McPherson 92/93 Rangers
33%
Outgoings Czech Republic ST Roman Bednar 07/08 West Bromwich Albion
33%
Outgoings Sweden ST Osman Sow 15/16 Henan Jianye
25%
Outgoings Scotland CB Alan McLaren 94/95 Rangers
17%
Incomings Bosnia RM Mirsad Beslija 05/06 Genk
8%
No matching quizzes found
Score Distribution
Percent of People with Each Score
Percentile by Number Answered
Your Score History
You have not taken this quiz